000 00545nam a2200193 i 4500
001 bg
100 1 _aTUSZYŃSKI, Kazimierz
245 0 _aRegulacja automatyczna w inżynierii chemicznej /
_cKazimierz Tuszyński, Michał Walewski.
250 _aWyd.4 zm. i uakt.
260 _aWarszawa :
_bWNT,
_c1983.
650 9 _aTechnologia chemiczna
655 _aPodręczniki akademickie
700 1 _aWALEWSKI, Michał
040 _cBPK
041 _apol
080 _a66.01/.09(075.8)
942 _cKS
008 s pl f |000 0 pol
999 _c1905
_d1905
856 _uhttp://koha.tu.koszalin.pl/cgi-bin/koha/opac-detail.pl?biblionumber=1905
_yKatalog online BPK